Władcy z Stronghold Crusader (Twierdza Krzyżowiec) - Statystyki

Ogólne statystyki
  • Ten quiz został rozwiązany 377 razy
  • Średni wynik to 11 z 16
Statystyki odpowiedzi
Władcy % Poprawnych
Szczur
96%
Wieprz
94%
Wilk
88%
Lwie Serce
87%
Wąż
87%
Sułtan
78%
Kalif
77%
Saladyn
70%
Opat
66%
Wezyr
61%
Szeryf
57%
Emir
56%
Marszalek
56%
Cesarz Fryderyk
54%
Nizar
49%
Król Filip
48%
Nie znaleziono quizów pasujących do podanych kryteriów
Rozkład punktacji
Procent ludzi z każdym wynikiem
Percentyl według liczby udzielonych odpowiedzi
Twoja historia wyników
Nie rozwiązałeś tego quizu